Megújuló és geotermikus energiák Mórahalmon

Elmentve itt :
Bibliográfiai részletek
Dokumentumtípus: Cikk
Megjelent: 2010-02-03
Sorozat:Magyar Mezőgazdaság
Kulcsszavak:Együttműködés, Mórahalom és egyetem
Online Access:http://univ.bibl.u-szeged.hu/38898
LEADER 00475nab a2200157 i 4500
001 univ38898
005 20171214104203.0
008 171214s2010 hu o 0|| zxx d
040 |a SZTE UnivHistória Repozitórium  |b hun 
041 |a zxx 
245 0 0 |a Megújuló és geotermikus energiák Mórahalmon  |h [elektronikus dokumentum] 
260 |c 2010-02-03 
300 |a 5 
490 0 |a Magyar Mezőgazdaság 
561 |a Egyetemi hirarchívum 
695 |a Együttműködés, Mórahalom és egyetem